000 00987cam a2200241 4500
001 WS124648
008 040329n 000 0 eng u
035 _a(Sirsi) u125648
110 _aRoyal Australian Institute of Architects
_94612
245 _aRoyal Australian Institute of Architects
520 _aWeb site for this professional body for architects in Australia. Includes details of their awards, recent news, advisory notes, the BDP Environmental Design Guide, list of members, salary information and recruitment pages. Also includes a guide to which RAIA contract to use.
650 _aORGANISATION
650 _aARCHITECTS
650 _aAUSTRALIA
650 _aBUILT ENVIRONMENT-BUILDING CONTRACT FORMS
650 _aAWARDS
650 _aENVIRONMENTAL DESIGN
650 _aSALARIES
650 _aRECRUITMENT
690 _aBUILT ENVIRONMENT
856 4 0 _uhttps://www.architecture.com.au
_zView the website free of charge at www.architecture.com.au...
942 _n0
999 _c120431
_d120431